Szczegóły MARC21

Christentum und christlicher Widerstand im historischen Roman der 30er Jahre : Studien zu Las Casas vor Karl V. - Szenen aus der Konquistadorenzeit von Reinhold Schneider und zum Land ohne Tod von Alfred Döblin /

003 -Nazwa inst., której nr kontr. jest w polu 001 [,]
    • @
    • Nazwa instytucji, której n kontrolny jest w polu 001
    • NUKAT
005 -DATA I CZAS OSTATNIEJ MODYFIKACJI [,]
    • @
    • pole kontrolne
    • 20241231102719.0
020 -Międzynarod. znormalizowany nr książki - ISBN [ , ]
    • a
    • Numer ISBN
    • 3890738818 Find
040 -Instytucja sporządzająca opis [ , ]
    • a
    • Instytucja, która sporządziła opis (NP)
    • SZCZ U/AB
    • b
    • Język katalogowania
    • pol
    • e
    • Zasady katalogowania
    • rda
    • c
    • Instytucja, która sporządziła rekord (NP)
    • SZCZ U/ABs
942 -Rodzaj dokumentu [ , ]
    • c
    • Rodzaj dokumentu
    • Książka
100 -Hasło główne - nazwa osobowa [1, ]
    • a
    • Nazwa osobowa (NP)
    • Choi, Hjou-Sun.
    • e
    • Rodzaj współpracy
    • Autor
    • 9
    • KHW
    • 652834
245 -Strefa tytułu i oznaczenia odpowiedzialności [1,0]
    • a
    • Tytuł
    • Christentum und christlicher Widerstand im historischen Roman der 30er Jahre : Find
    • b
    • Ciąg dalszy tytułu (NP)
    • Studien zu Las Casas vor Karl V. - Szenen aus der Konquistadorenzeit von Reinhold Schneider und zum Land ohne Tod von Alfred Döblin / Find
    • c
    • Pozostałe elementy strefy tytułu i oznaczenia odpowiedzialności (NP)
    • Hjou-Sun Choi.
246 -Wariant tytułu [1,8]
    • a
    • Tytuł (NP)
    • Christentum und christlicher Widerstand
260 -Strefa adresu wydawniczego [ , ]
    • a
    • Miejsce wydania (P)
    • Regensburg :
    • b
    • Nazwa wydawcy (P)
    • S. Roderer Verlag,
    • c
    • Data wydania (P)
    • 1996.
300 -Strefa opisu fizycznego [ , ]
    • a
    • Określenie formy książki i/lub objętość (NP)
    • [10], 198 stron ;
    • c
    • Format (NP)
    • 22 cm.
336 -Typ zawartości [ , ]
    • a
    • Termin opisujący typ zawartości
    • Tekst
    • b
    • Kod określający zawartość
    • txt
    • 2
    • Źródło (terminu i kodu)
    • rdacontent
337 -Typ mediów [ , ]
    • a
    • Tryb odtwarzania
    • Bez urządzenia pośredniczącego
    • b
    • Kod typu mediów
    • n
    • 2
    • Źródło (terminu i kodu)
    • rdamedia
338 -Typ/rodzaj nośnika [ , ]
    • a
    • Hasło opisujące typ nośnika
    • Wolumin
    • b
    • Kod typu nośnika
    • nc
    • 2
    • Źródło (terminu i kodu)
    • rdacarrier
490 -Strefa serii i książki wielotomowej - forma nie do wyszukiwania [1, ]
    • a
    • Tytuł (P)
    • Theorie und Forschung ; Find
    • v
    • Numeracja (P)
    • Bd. 407
490 -Strefa serii i książki wielotomowej - forma nie do wyszukiwania [1, ]
    • a
    • Tytuł (P)
    • Theorie und Forschung. Literaturwissenschaften ; Find
    • v
    • Numeracja (P)
    • Bd. 28
830 -Hasło dodatkowe serii i opisu książki wielotomowej - tytuł ujednolicony/tytuł [ ,0]
    • a
    • Tytuł ujednolicony/tytuł (NP)
    • Theorie und Forschung
    • v
    • Oznaczenie tomu (NP)
    • Bd. 407
    • 9
    • KHW
    • 652835
830 -Hasło dodatkowe serii i opisu książki wielotomowej - tytuł ujednolicony/tytuł [ ,0]
    • a
    • Tytuł ujednolicony/tytuł (NP)
    • Theorie und Forschung.
    • p
    • Nazwa części/podserii/sekcji (P)
    • Literaturwissenschaften
    • v
    • Oznaczenie tomu (NP)
    • Bd. 28
    • 9
    • KHW
    • 652836
502 -Uwaga dot. dysertacji [ , ]
    • a
    • Uwaga dot. dysertacji
    • Praca doktorska. Universität München, 1995.
504 -Uwaga dot. bibliogr. załącznikowej [ , ]
    • a
    • Uwaga dot. bibliografii załącznikowej
    • Bibliografia na stronach 179-198.
080 -Uniwersalna Klasyfikacja Dziesiętna [ , ]
    • a
    • Symbol klasyfikacji
    • 830(091)-3"19"Döblin A.,Schneider R.=30
080 -Uniwersalna Klasyfikacja Dziesiętna [ , ]
    • a
    • Symbol klasyfikacji
    • :82.09Döblin A.,Schneider R.=30
600 -Hasło przedmiotowe w formie nazwy osobowej [1,7]
    • a
    • Nazwa osobowa
    • Schneider, Reinhold
    • d
    • Daty związane z nazwą
    • (1903-1958)
    • x
    • Określnik rzeczowy
    • krytyka i interpretacja.
    • 2
    • Źródło terminu
    • kaba
    • 9
    • KHW
    • 652940
600 -Hasło przedmiotowe w formie nazwy osobowej [1,7]
    • a
    • Nazwa osobowa
    • Döblin, Alfred
    • d
    • Daty związane z nazwą
    • (1878-1957)
    • x
    • Określnik rzeczowy
    • krytyka i interpretacja.
    • 2
    • Źródło terminu
    • kaba
    • 9
    • KHW
    • 401783
650 -Hasło przedmiotowe [ ,7]
    • a
    • Hasło przedmiotowe
    • Misjonarze niemieccy.
    • 2
    • Źródło terminu
    • kaba
    • 9
    • KHW
    • 146921
650 -Hasło przedmiotowe [ ,7]
    • a
    • Hasło przedmiotowe
    • Chrześcijaństwo
    • x
    • Określnik rzeczowy
    • w literaturze.
    • 2
    • Źródło terminu
    • kaba
    • 9
    • KHW
    • 104922
980 -Symbol UKD [ , ]
    • a
    • UKD
    • 830(091)-3"19":82.09]Döblin A.,Schneider R.=30
710 -Hasło dodatkowe - nazwa ciała zbiorowego [2, ]
    • a
    • Nazwa ciała zbiorowego lub nazwa geograficzna jako pierwszy element (NP)
    • S. Roderer-Verlag.
    • e
    • Rodzaj współpracy
    • Wydawca
    • 4
    • Kod relacji
    • pbl
    • 9
    • KHW
    • 652833
920 -ISBN [ , ]
    • a
    • ISBN
    • 3-89073-881-8 Find
Sygnatura Data inwentaryzacji Lokalizacja Status udost. Numer inwentarzowy
Germ. Literaturozn. - Döblin 072001-04-25BM-3G.15500